| 000 | 01099nam a22002657a 4500 | ||
|---|---|---|---|
| 001 | BD-DhSAU 7469 | ||
| 003 | BD-DhSAU | ||
| 005 | 20230530125249.0 | ||
| 008 | 150422b2006 bg ||||| m||m 00| 0 eng d | ||
| 040 | _aBD-DhSAU | ||
| 082 |
_222 _a630 _bK5279 |
||
| 100 |
_aKhatun, Mst. Sharmin _eRegistration No. # 19-10365 |
||
| 245 |
_aAbundance and allelopathic effect of parthenium
hysterophorus on crops of south-western region of
bangladesh
/
_bMS thesis |
||
| 260 |
_aSher-e- Bangla Agricultural University: _bDepartment of Agronomy, _c2021. |
||
| 300 |
_avii, 69p.: _b30 cm. |
||
| 500 | _aMS thesis of Department of agronomy, Faculty of Agriculture , Sher-e-Bangla Agricultural University, Dhaka, Bangladesh | ||
| 590 | _aNamul | ||
| 650 | _aallelopathic effect | ||
| 651 | _aparthenium hysterophorus | ||
| 654 | _asouth-western region | ||
| 700 |
_aProf. Dr. Sheikh Muhammad Masum _eSuperviser |
||
| 700 |
_aProf. Dr. Parimal Kanti Biswas _eCo-Superviser |
||
| 856 | _uhttp://archive.saulibrary.edu.bd:8080/xmlui/handle/123456789/4903 | ||
| 942 |
_2ddc _cTHESIS |
||
| 999 |
_c16819 _d16818 |
||